[Event "Detroit (MI Op/7/16)"]
[Site "?"]
[Date "1990.??.??"]
[Round "?"]
[White "Vandivier, Don"]
[Black "Thomas, C."]
[Result "0-1"]
[WhiteElo "2010"]
[BlackElo "2145"]
[PlyCount "90"]
[EventDate "1990.??.??"]

{7/(16)} 1. e4 c5 2. Nf3 Nc6 3. d4 cxd4 4. Nxd4 Nf6 5. Nc3 e5 6. Ndb5 d6 7. Bg5
a6 8. Na3 Be6 9. Nc4 Nd4 10. Be3 b5 11. Nd2 d5 12. exd5 Nxd5 13. Bxd4 exd4 14.
Nxb5 axb5 15. Bxb5+ Bd7 16. Qe2+ Be7 17. Bxd7+ Qxd7 18. O-O O-O 19. Nf3 Bf6 20.
Rfd1 Rfe8 21. Qd2 Re4 22. Qd3 Rae8 23. Nd2 Nf4 24. Qxe4 Rxe4 25. Nxe4 Qc6 26.
f3 Qxc2 27. Rd2 Qc6 28. Nxf6+ Qxf6 29. a4 Qg5 30. Rad1 h5 31. h4 Qa5 32. g3 Ne6
33. b3 Qb4 34. Rd3 Nc5 35. Rxd4 Qxb3 36. Rd8+ Kh7 37. Kg2 Qxa4 38. R1d5 Ne6 39.
Rxh5+ Kg6 40. Rdh8 Qc2+ 41. Kh3 f5 42. R5h7 Qf2 43. h5+ Kf6 44. f4 Qg1 45. g4
Nxf4+ 0-1

[Event "Lansing (MI Am/2/8)"]
[Site "?"]
[Date "1990.??.??"]
[Round "?"]
[White "Vandivier, Don"]
[Black "Skidmore, Jennifer"]
[Result "1-0"]
[WhiteElo "1925"]
[BlackElo "1715"]
[PlyCount "111"]
[EventDate "1990.??.??"]

{2/(8)} 1. e4 e5 2. Nf3 d6 3. Bc4 Be7 4. O-O Bg4 5. d4 Nd7 6. dxe5 Nxe5 7. Nxe5
Bxd1 8. Nxf7 Be2 9. Nxd8 Bxc4 10. Nxb7 Bxf1 11. Kxf1 Nf6 12. Nc3 O-O 13. Na5
Ng4 14. f3 Bf6 15. Nd5 Be5 16. Ke2 Nf6 17. Ne7+ Kf7 18. Nac6 Bxh2 19. Be3 Rfe8
20. Nf5 d5 21. Rh1 Bd6 22. Nxd6+ cxd6 23. Rd1 Rac8 24. exd5 Nxd5 25. Rxd5 Rxc6
26. Kd3 Re5 27. Rd4 Rh5 28. Rf4+ Kg8 29. Bxa7 Rg5 30. g4 Ra5 31. Bd4 Rxa2 32.
c4 Ra1 33. b4 Rd1+ 34. Kc2 Re1 35. Kb3 Rc1 36. c5 dxc5 37. Bxc5 Rf6 38. Re4
Rxf3+ 39. Kb2 Rh1 40. Re8+ Kf7 41. Rf8+ Ke6 42. Rxf3 Rh2+ 43. Kc3 h5 44. gxh5
Rxh5 45. Rg3 Kf7 46. Kc4 Rh4+ 47. Kd5 Rh5+ 48. Kc6 Rh6+ 49. Bd6 Kf6 50. b5 g5
51. b6 Kf5 52. b7 g4 53. b8=Q Rg6 54. Qe8 Kf6 55. Qe7+ Kf5 56. Qe5# 1-0

[Event "Lansing (MI Am/4/1)"]
[Site "?"]
[Date "1990.??.??"]
[Round "?"]
[White "Vandivier, Don"]
[Black "Scott, Steven"]
[Result "1-0"]
[WhiteElo "1925"]
[BlackElo "1885"]
[PlyCount "55"]
[EventDate "1990.??.??"]

{4/(1)} 1. e4 c5 2. Nf3 d6 3. d4 cxd4 4. Nxd4 Nf6 5. Nc3 e6 6. Bg5 Be7 7. Qd2
Nc6 8. O-O-O a6 9. f4 Bd7 10. Nf3 Qc7 11. e5 dxe5 12. fxe5 Ng8 13. Ne4 Rd8 14.
Nd6+ Kf8 15. Bxe7+ Ncxe7 16. Qf4 f6 17. Ng5 Ng6 18. Qb4 N8e7 19. exf6 gxf6 20.
Ngf7 Qb8 21. Nxh8 Nxh8 22. Qh4 Kg7 23. Qg3+ Kf8 24. Bd3 Nhg6 25. Rhf1 f5 26.
Nxf5 Qxg3 27. Nxg3+ Kg7 28. Bxg6 1-0

[Event "Detroit (MI Op/5/14)"]
[Site "?"]
[Date "1990.??.??"]
[Round "?"]
[White "Vandivier, Don"]
[Black "Rogers, Bradley"]
[Result "0-1"]
[WhiteElo "2010"]
[BlackElo "2160"]
[PlyCount "62"]
[EventDate "1990.??.??"]

{5/(14)} 1. e4 e6 2. d4 d5 3. Nc3 Bb4 4. a3 Bxc3+ 5. bxc3 dxe4 6. a4 Nf6 7. Ba3
Bd7 8. f3 Bc6 9. Bb5 Qd7 10. Qe2 a6 11. Bc4 Bd5 12. Bb3 b5 13. a5 Qc6 14. Bb4
Nbd7 15. fxe4 Nxe4 16. Qg4 Nef6 17. Bxd5 Qxd5 18. Qg3 O-O-O 19. Ne2 Ne4 20.
Qxg7 e5 21. O-O Nxc3 22. Nxc3 Qxd4+ 23. Kh1 Qxb4 24. Nd5 Qc5 25. Rad1 e4 26.
Qg5 f6 27. Qf5 Rhe8 28. Qxh7 e3 29. Rfe1 e2 30. Rd2 Qf2 31. Rg1 Qxg1+ 0-1

[Event "Detroit (MI Op/1b/11)"]
[Site "?"]
[Date "1990.??.??"]
[Round "?"]
[White "Vandivier, Don"]
[Black "Profit, Brian"]
[Result "1/2-1/2"]
[WhiteElo "2010"]
[BlackElo "1840"]
[PlyCount "80"]
[EventDate "1990.??.??"]

1. e4 Nf6 2. Bc4 d6 3. d4 g6 4. Nc3 Bg7 5. f3 O-O 6. Be3 Nc6 7. Qd2 a6 8. O-O-O
Rb8 9. Bh6 b5 10. Bd5 Nb4 11. a3 Nbxd5 12. Nxd5 c6 13. Nxf6+ exf6 14. h4 a5 15.
Kb1 b4 16. a4 b3 17. Bxg7 bxc2+ 18. Qxc2 Kxg7 19. Qxc6 Rb6 20. Qc2 Bd7 21. Ka2
Qb8 22. Ne2 Rc8 23. Nc3 Rb4 24. b3 Qb6 25. Qb2 Rb8 26. Nd5 Rxa4+ 27. Kb1 Qxb3
28. Qxb3 Rxb3+ 29. Kc2 Rb7 30. Ra1 Rxa1 31. Rxa1 a4 32. Nc3 Ra7 33. Ra3 Bc6 34.
Kd3 Kf8 35. Kc4 Ke7 36. d5 Bd7 37. g4 f5 38. gxf5 gxf5 39. exf5 Bxf5 40. Rxa4
Rxa4+ 1/2-1/2

[Event "Flint (Class A/2)"]
[Site "?"]
[Date "1990.??.??"]
[Round "?"]
[White "Vandivier, Don"]
[Black "Morris, Jewell"]
[Result "0-1"]
[WhiteElo "1940"]
[BlackElo "1865"]
[PlyCount "116"]
[EventDate "1990.??.??"]

1. e4 e5 2. Bc4 Nf6 3. Nf3 Nc6 4. O-O Bc5 5. d4 Bxd4 6. Nxd4 Nxd4 7. f4 d6 8.
fxe5 dxe5 9. Bg5 Be6 10. Bxf6 gxf6 11. Bxe6 Nxe6 12. Nc3 c6 13. Qf3 Nd4 14. Qg4
Qd7 15. Qxd7+ Kxd7 16. Rxf6 Ke7 17. Raf1 Raf8 18. Na4 Rhg8 19. Nc5 Ne2+ 20. Kh1
Nf4 21. Rf5 Nxg2 22. Rxe5+ Kd6 23. Rh5 Ne3 24. Rf3 Nxc2 25. Rd3+ Kc7 26. Rd7+
Kc8 27. Rxb7 Rd8 28. h4 Rd1+ 29. Kh2 Rdg1 30. Rxf7 R8g2+ 31. Kh3 Ne3 32. Rf8+
Kc7 33. Rxh7+ Kb6 34. Nd7+ Ka6 35. Nb8+ Kb5 36. Rh5+ Kc4 37. b3+ Kc3 38. Rc5+
Kb2 39. Rf2+ Rxf2 40. Rg5 Rxg5 41. hxg5 c5 42. Nc6 Rg2 43. Kh4 Rg4+ 44. Kh5
Rxe4 45. Nxa7 Kxa2 46. g6 Kxb3 47. Nc6 Kb2 48. Kh6 c4 49. Kh7 Rh4+ 50. Kg7 Rg4
51. Kf7 c3 52. Ne5 Rxg6 53. Kxg6 c2 54. Nd3+ Kc3 55. Nc1 Nc4 56. Kf5 Kd2 57.
Nb3+ Kd1 58. Kf4 Nd2 0-1

[Event "Flint (Class A/4)"]
[Site "?"]
[Date "1990.??.??"]
[Round "?"]
[White "Vandivier, Don"]
[Black "Haakonstad, Olaf"]
[Result "0-1"]
[WhiteElo "1940"]
[BlackElo "1850"]
[PlyCount "96"]
[EventDate "1990.??.??"]

1. e4 e5 2. Bc4 Nf6 3. Nf3 Nc6 4. d4 exd4 5. e5 d5 6. Bb5 Ne4 7. Nxd4 Bd7 8.
Bxc6 bxc6 9. O-O Be7 10. f3 Ng5 11. f4 Ne4 12. f5 Bc5 13. e6 fxe6 14. fxe6 Bxe6
15. Qh5+ Kd7 16. Qe5 Qe7 17. Be3 Raf8 18. Nc3 Nxc3 19. Nxe6 Bxe3+ 20. Qxe3
Rxf1+ 21. Rxf1 Qxe6 22. Qxc3 Qe7 23. Re1 Qf7 24. Qh3+ Kd8 25. Qh4+ Kd7 26. Qg4+
Kd8 27. Qa4 Re8 28. Rf1 Qe6 29. Qxa7 Re7 30. h3 g5 31. Qd4 h6 32. a4 Qe4 33.
Qxe4 Rxe4 34. b3 h5 35. Rf6 Kd7 36. Kf2 g4 37. h4 c5 38. Rf5 Ke6 39. Rxh5 Rf4+
40. Kg3 Rd4 41. Rg5 Rd2 42. Rxg4 Rxc2 43. Rf4 d4 44. h5 d3 45. Kf3 Re2 46. h6
Re5 47. Rh4 d2 48. Rh1 Re1 0-1

[Event "Detroit (MI Op/3/11)"]
[Site "?"]
[Date "1990.??.??"]
[Round "?"]
[White "Vandivier, Don"]
[Black "Avery, Robert W"]
[Result "0-1"]
[WhiteElo "2010"]
[BlackElo "2205"]
[PlyCount "72"]
[EventDate "1990.??.??"]

{3/(11)} 1. e4 e5 2. Nf3 Nc6 3. Bc4 Nf6 4. d4 exd4 5. e5 d5 6. Bb5 Ne4 7. Nxd4
Bd7 8. Bxc6 bxc6 9. O-O Bc5 10. Nb3 Bb6 11. Qe2 Qh4 12. N1d2 Bg4 13. Nf3 Qh5
14. c4 O-O 15. Bf4 a5 16. c5 Bxc5 17. Nxc5 Nxc5 18. Rac1 Ne6 19. Qe3 Bxf3 20.
gxf3 Qf5 21. Bg3 c5 22. f4 Rfb8 23. b3 a4 24. Rxc5 axb3 25. axb3 Nxc5 26. Qxc5
Qd7 27. Rd1 Rb5 28. Qc2 g6 29. f5 Qxf5 30. Qxc7 Rxb3 31. Qc6 Rd8 32. Qc7 Qd7
33. Qc2 Qb7 34. Bh4 Rc8 35. Qd2 Rc4 36. Bf6 Rg4+ 0-1

[Event "Lansing (Mini-Swiss.3/2)"]
[Site "?"]
[Date "1990.??.??"]
[Round "?"]
[White "Vandenburg, V.E."]
[Black "Wisckol, Richard"]
[Result "0-1"]
[WhiteElo "1625"]
[BlackElo "1700"]
[PlyCount "77"]
[EventDate "1990.??.??"]

{3/(2)} 1. b4 Nf6 2. Bb2 g6 3. c4 Bg7 4. d4 O-O 5. Nf3 d6 6. e3 c5 7. bxc5 dxc5
8. d5 Qa5+ 9. Bc3 Qc7 10. Be2 Nbd7 11. Nbd2 Ne8 12. Bxg7 Kxg7 13. O-O Nd6 14.
e4 Nb6 15. a4 Bd7 16. a5 Nbc8 17. Ne1 e5 18. Nd3 f6 19. f4 exf4 20. Nxf4 Re8
21. Bd3 Nf7 22. Qf3 Ne5 23. Qg3 Nd6 24. Nh5+ Kh8 25. Nxf6 Re7 26. Be2 Rf8 27.
Rf2 Ne8 28. Nxh7 Rxf2 29. Qxf2 Rf7 30. Nf3 Nxf3+ 31. Bxf3 Kxh7 32. Qh4+ Kg8 33.
Qg5 Kg7 34. Ra3 Qf4 35. Qxf4 Rxf4 36. Rb3 Bc8 37. Rb5 Kf6 38. Rxc5 Nd6 39. Rc7
$138 0-1

[Event "Lansing (Mini-Swiss.2/2)"]
[Site "?"]
[Date "1990.??.??"]
[Round "?"]
[White "Vandenburg, V.E."]
[Black "Williams, BM."]
[Result "0-1"]
[WhiteElo "1625"]
[BlackElo "1675"]
[PlyCount "58"]
[EventDate "1990.??.??"]

{2/(2)} 1. b4 d5 2. Bb2 Nf6 3. a3 Bf5 4. e3 Nbd7 5. c4 c6 6. cxd5 cxd5 7. Nf3
h6 8. Nc3 e5 9. Bb5 e4 10. Nd4 Bg6 11. Nde2 Be7 12. Nf4 O-O 13. Ncxd5 Nxd5 14.
Nxd5 Bd6 15. Qg4 Ne5 16. Bxe5 Bxe5 17. Rc1 Qxd5 18. Rc5 Qd6 19. O-O f5 20. Qd1
Rac8 21. Bc4+ Kh8 22. Rxc8 Rxc8 23. Qb3 Bxh2+ 24. Kh1 Be5 25. Rd1 Bh5 26. Rg1
Qxd2 27. g3 Qxf2 28. Bf1 Qf3+ 29. Bg2 Qxg3 0-1

[Event "Lansing (Feb)"]
[Site "?"]
[Date "1990.??.??"]
[Round "?"]
[White "Vandenburg, V.E."]
[Black "Welford, M."]
[Result "0-1"]
[WhiteElo "1625"]
[BlackElo "1690"]
[PlyCount "94"]
[EventDate "1990.??.??"]

1. b4 d5 2. Bb2 Nf6 3. a3 g6 4. e3 Bg7 5. c4 O-O 6. cxd5 Qxd5 7. Nc3 Qd8 8. Nf3
Nc6 9. d4 Nd5 10. Bc4 Be6 11. Qb3 Nxc3 12. Bxe6 Ne4 13. Bd5 Nd6 14. Bxc6 bxc6
15. Rc1 Qd7 16. Ne5 Bxe5 17. dxe5 Ne4 18. O-O a5 19. Rfd1 Qf5 20. f3 Ng5 21.
Rxc6 axb4 22. Qxb4 Rfb8 23. Qc3 Ra4 24. Rd5 Qb1+ 25. Bc1 Ne6 26. Rd1 Rb3 27.
Qe1 Rd3 28. Rxd3 Qxd3 29. Rc3 Qd5 30. f4 Nc5 31. Qe2 c6 32. Qc2 Ra5 33. Bd2 Rb5
34. a4 Nxa4 35. Rd3 Rb2 36. Qc1 Qa2 37. Rd8+ Kg7 38. Qxc6 Rb1+ 39. Kf2 Rb2 40.
Qd5 Qa1 41. Ra8 Qd1 42. Kg3 Rxd2 43. Qb7 Qe1+ 44. Kf3 Qf2+ 45. Kg4 h5+ 46. Kh3
Qxe3+ 47. g3 Qf2 0-1

[Event "Detroit (MOR/4/42)"]
[Site "?"]
[Date "1990.??.??"]
[Round "?"]
[White "Vandenburg, V.E."]
[Black "Weber, K."]
[Result "1-0"]
[WhiteElo "1625"]
[BlackElo "1605"]
[PlyCount "59"]
[EventDate "1990.??.??"]

{4/(42)} 1. b4 d5 2. Bb2 e6 3. e3 Bxb4 4. Bxg7 Nc6 5. Bxh8 f6 6. Qh5+ Kd7 7.
Qxh7+ Nce7 8. Qh4 Nf5 9. Qxb4 Ngh6 10. Bxf6 Qxf6 11. d4 Ng4 12. Be2 Nxf2 13.
Nd2 Nxe3 14. Qb5+ c6 15. Qb3 Nxg2+ 16. Kf1 Nxh1+ 17. Kxg2 Qxd4 18. Rd1 Nf2 19.
Ngf3 Qg7+ 20. Kxf2 e5 21. Rg1 Qf6 22. Qd3 Kc7 23. Qh7+ Bd7 24. Rg7 Rd8 25. Rf7
Qd6 26. Nb3 Kc8 27. Qg7 e4 28. Ne5 Kc7 29. Bg4 Kc8 30. Bxd7+ 1-0

[Event "Lansing (Apr)"]
[Site "?"]
[Date "1990.??.??"]
[Round "?"]
[White "Vandenburg, V.E."]
[Black "Turner, P."]
[Result "1-0"]
[WhiteElo "1630"]
[BlackElo "1725"]
[PlyCount "57"]
[EventDate "1990.??.??"]

1. b4 e6 2. Bb2 Nf6 3. a3 d5 4. e3 c6 5. c4 Nbd7 6. Nf3 Bd6 7. Be2 O-O 8. O-O
Qc7 9. Nc3 Ne5 10. g3 dxc4 11. Nxe5 Bxe5 12. Bxc4 Nd7 13. f4 Bf6 14. g4 g6 15.
d4 Nb6 16. Bd3 Nd5 17. Qf3 Rd8 18. Ne4 Bg7 19. Ng3 Qe7 20. Rae1 Qd6 21. f5 Nf6
22. fxg6 fxg6 23. g5 Nd5 24. Bxg6 Nxe3 25. Bxh7+ Kh8 26. Qh5 Nxf1 27. Bg6+ Kg8
28. Qh7+ Kf8 29. Rxf1+ 1-0

[Event "Lansing (Mini-Swiss.4/1)"]
[Site "?"]
[Date "1990.??.??"]
[Round "?"]
[White "Vandenburg, V.E."]
[Black "Sundeen, David"]
[Result "1/2-1/2"]
[WhiteElo "1625"]
[BlackElo "1700"]
[PlyCount "61"]
[EventDate "1990.??.??"]

{4/(1)} 1. b4 e5 2. Bb2 d6 3. e3 Nf6 4. Be2 Be7 5. Nf3 Bf5 6. d4 exd4 7. Nxd4
Bg6 8. c4 Nbd7 9. Nc3 O-O 10. Rc1 c5 11. bxc5 dxc5 12. Nf3 Qb6 13. Ba1 Rad8 14.
Qa4 a6 15. Nh4 Ne4 16. Nxg6 Qxg6 17. Nd5 Bd6 18. Bf3 Ng5 19. Qd1 Nxf3+ 20. gxf3
Be5 21. Nc3 Qg2 22. Ke2 Bxh2 23. Ne4 Ne5 24. Nd2 Nxf3 25. Bc3 Rfe8 26. Qf1
Qxf1+ 27. Nxf1 Ng1+ 28. Ke1 Nf3+ 29. Ke2 Ng1+ 30. Ke1 Nf3+ 31. Ke2 1/2-1/2

[Event "Flint (MI Senior/1/8)"]
[Site "?"]
[Date "1990.??.??"]
[Round "?"]
[White "Vandenburg, V.E."]
[Black "Suess, J."]
[Result "1-0"]
[WhiteElo "1625"]
[BlackElo "1605"]
[PlyCount "85"]
[EventDate "1990.??.??"]

{1/(8)} 1. b4 a6 2. Bb2 Nc6 3. a3 Nf6 4. c4 e5 5. e3 Be7 6. Be2 O-O 7. Nf3 e4
8. Ng5 d6 9. Nc3 Nd7 10. Ngxe4 f5 11. Ng3 Nde5 12. O-O Be6 13. d3 b5 14. cxb5
axb5 15. Nxb5 Qd7 16. d4 Nc4 17. Bc3 Bd5 18. a4 Na7 19. Nxa7 Rxa7 20. a5 Qc6
21. Bxc4 Bxc4 22. Rc1 Bxf1 23. d5 Qd7 24. Qd4 Bf6 25. Qxa7 Bb5 26. Bxf6 gxf6
27. Rxc7 Rf7 28. Rxd7 Bxd7 29. Qb8+ Kg7 30. Qxd6 Bb5 31. Nxf5+ Kg6 32. Nd4 Bd3
33. Qb8 f5 34. f4 Re7 35. Qg8+ Rg7 36. Qe6+ Kh5 37. Nxf5 Rg6 38. Qe5 Kg4 39.
h3+ Kh5 40. g4+ Rxg4+ 41. hxg4+ Kxg4 42. Qg7+ Kf3 43. Qg2# 1-0

[Event "Flint (MI Senior/3/5)"]
[Site "?"]
[Date "1990.??.??"]
[Round "?"]
[White "Vandenburg, V.E."]
[Black "Shields, B."]
[Result "1-0"]
[WhiteElo "1625"]
[BlackElo "1605"]
[PlyCount "65"]
[EventDate "1990.??.??"]

{3/(5)} 1. b4 d5 2. Bb2 Nf6 3. e3 e6 4. a3 Bd6 5. Nf3 O-O 6. c4 c6 7. cxd5 cxd5
8. Nc3 a6 9. Rc1 Nc6 10. Be2 Bc7 11. Qc2 Re8 12. Na4 e5 13. Nc5 Bb6 14. Nxa6
Bg4 15. b5 e4 16. bxc6 bxa6 17. Ne5 Bc8 18. c7 Qe7 19. Qc6 Ba5 20. Qxa8 Bxc7
21. Bxa6 Bxe5 22. Bxe5 Qxa3 23. O-O Bxa6 24. Ra1 Rxa8 25. Rxa3 Nd7 26. Bd6 f6
27. Rfa1 Rc8 28. Rxa6 Rc2 29. R6a2 Rc6 30. Ra6 Rc2 31. Bb4 Ne5 32. Bc3 Nc4 33.
R6a2 1-0

[Event "Lansing (Apr)"]
[Site "?"]
[Date "1990.??.??"]
[Round "?"]
[White "Vandenburg, V.E."]
[Black "Rostrom, Richard"]
[Result "0-1"]
[WhiteElo "1630"]
[BlackElo "1720"]
[PlyCount "46"]
[EventDate "1990.??.??"]

1. b4 Nf6 2. Bb2 d6 3. e3 Bf5 4. Nf3 Nbd7 5. d4 h6 6. Nbd2 e6 7. Be2 Be7 8. c4
O-O 9. O-O b6 10. Nh4 Bh7 11. f3 c5 12. bxc5 bxc5 13. e4 g5 14. Qe1 Ne8 15. Qg3
Ng7 16. dxc5 Nxc5 17. f4 Nxe4 18. Nxe4 Qb6+ 19. c5 Qxb2 20. Qf2 Bxe4 21. cxd6
Bxd6 22. fxg5 Qe5 23. g3 Bc5 0-1

[Event "Detroit (MOR/1b/19)"]
[Site "?"]
[Date "1990.??.??"]
[Round "?"]
[White "Vandenburg, V.E."]
[Black "Pope, Nick"]
[Result "0-1"]
[WhiteElo "1625"]
[BlackElo "1605"]
[PlyCount "80"]
[EventDate "1990.??.??"]

1. b4 e6 2. Bb2 Nf6 3. a3 d5 4. e3 Nbd7 5. Nf3 Be7 6. c4 dxc4 7. Bxc4 Nb6 8.
Be2 c6 9. O-O O-O 10. d4 Nbd5 11. Nbd2 b6 12. h3 Bb7 13. Rc1 Re8 14. Ne5 Bf8
15. Nxc6 Bxc6 16. Rxc6 Rc8 17. Bb5 Re7 18. Qc2 Rec7 19. Rxc7 Rxc7 20. Qb1 Qc8
21. Bd3 Nc3 22. Bxc3 Rxc3 23. Ne4 Nxe4 24. Bxe4 g6 25. a4 Rc4 26. b5 Rxa4 27.
Bc6 Qd8 28. Qb3 Ra3 29. Qc4 Qf6 30. e4 Qf4 31. e5 Qd2 32. f4 Rd3 33. Qa4 Rxd4
34. Qxa7 Bc5 35. Kh1 Rxf4 36. Rxf4 Qxf4 37. Qa1 Bd4 38. Qd1 Bxe5 39. Qd8+ Kg7
40. Qxb6 Qh2# 0-1

[Event "Lansing (Feb)"]
[Site "?"]
[Date "1990.??.??"]
[Round "?"]
[White "Vandenburg, V.E."]
[Black "Gregory, Kevin"]
[Result "1-0"]
[WhiteElo "1625"]
[BlackElo "1620"]
[PlyCount "65"]
[EventDate "1990.??.??"]

1. b4 e5 2. a3 d5 3. Bb2 Bd6 4. e3 Nf6 5. c4 c6 6. cxd5 cxd5 7. Nf3 Qe7 8. Be2
O-O 9. Nc3 a6 10. Rc1 b5 11. O-O e4 12. Ne1 Qe5 13. f4 Qe7 14. Qb3 Be6 15. f5
Bd7 16. Nxd5 Nxd5 17. Qxd5 Bc6 18. Qd4 f6 19. Rxc6 Nxc6 20. Qd5+ Kh8 21. Qxc6
Rfc8 22. Qd5 Qd7 23. Qb3 Qc7 24. g3 Qa7 25. Ng2 Rc7 26. Nf4 Bxf4 27. Rxf4 Rac8
28. Bc3 Rxc3 29. dxc3 Qxe3+ 30. Rf2 Rxc3 31. Qe6 h6 32. Qe8+ Kh7 33. Bh5 1-0

[Event "Lansing (Jan)"]
[Site "?"]
[Date "1990.??.??"]
[Round "?"]
[White "Vandenburg, V.E."]
[Black "Asbury, Victor"]
[Result "0-1"]
[WhiteElo "1630"]
[BlackElo "1605"]
[PlyCount "70"]
[EventDate "1990.??.??"]

1. b4 e6 2. Bb2 Nf6 3. a3 Be7 4. e3 O-O 5. c4 b6 6. Nf3 Bb7 7. Be2 d6 8. d4
Nbd7 9. Nc3 c5 10. d5 a6 11. O-O Qc7 12. Ng5 exd5 13. cxd5 Rfe8 14. f4 c4 15.
a4 a5 16. bxa5 Rxa5 17. Nb5 Qc8 18. Qd4 Bxd5 19. e4 Bb7 20. Bxc4 d5 21. exd5
Bc5 22. Kh1 Bxd4 23. Bxd4 Qxc4 24. Nd6 Qxd4 25. Nxe8 Nxe8 26. Rfe1 Nef6 27.
Rad1 Qxf4 28. Nh3 Qd6 29. Ng5 Rxd5 30. Rxd5 Qxd5 31. Nf3 Nc5 32. h3 h6 33. Re5
Qd1+ 34. Kh2 Bxf3 35. gxf3 Qxf3 0-1

[Event "Lansing (Mini-Swiss.4/3)"]
[Site "?"]
[Date "1990.??.??"]
[Round "?"]
[White "Vandenburg, V.E."]
[Black "Asbury, Victor"]
[Result "0-1"]
[WhiteElo "1625"]
[BlackElo "1605"]
[PlyCount "74"]
[EventDate "1990.??.??"]

{4/(3)} 1. b4 b6 2. e3 c5 3. bxc5 bxc5 4. c4 Nc6 5. Nc3 e6 6. Bb2 a6 7. Nf3 Nf6
8. Be2 Rb8 9. Rb1 Be7 10. O-O O-O 11. d4 cxd4 12. exd4 d5 13. c5 Nd7 14. Qc2
Bb7 15. Bd3 g6 16. Rfe1 Bf6 17. a3 Bxd4 18. Nxd4 Nxd4 19. Qa4 Nc6 20. Qg4 Nxc5
21. Bc2 Nd7 22. f4 Nd4 23. Bd3 Nc5 24. Bf1 Nf5 25. Qe2 d4 26. Rbd1 Qb6 27. Ba1
dxc3 28. Bxc3 Nd3+ 29. Kh1 Nxe1 30. Rxe1 Bd5 31. Bb4 Rfc8 32. Qe5 Qc7 33. Bxa6
Qxe5 34. fxe5 Rc2 35. Bf1 Nh4 36. Kg1 Bxg2 37. Re4 Bxe4 0-1

[Event "Detroit (RVO/2)"]
[Site "?"]
[Date "1990.??.??"]
[Round "?"]
[White "Vaka, Flamur"]
[Black "Workman, K."]
[Result "1-0"]
[WhiteElo "1620"]
[BlackElo "1605"]
[PlyCount "67"]
[EventDate "1990.??.??"]

1. e4 a6 2. Nf3 b5 3. Nc3 c5 4. d3 Bb7 5. Be2 Nc6 6. O-O Nf6 7. Bd2 b4 8. Nb1
e6 9. a3 Be7 10. Be3 e5 11. axb4 Nxb4 12. Nxe5 d5 13. exd5 Nbxd5 14. Nc4 Qc7
15. Nbd2 Rd8 16. Bf3 Nxe3 17. Nxe3 Bxf3 18. Qxf3 O-O 19. Rxa6 Qe5 20. Ndc4 Qg5
21. Re1 Nh5 22. g3 f5 23. h4 Qg6 24. Rxg6 hxg6 25. Nd5 Bf6 26. Nc7 Rf7 27. Re8+
Rxe8 28. Nxe8 Bd4 29. Qd5 Nxg3 30. Ncd6 Ne2+ 31. Kf1 Nf4 32. Qxf7+ Kh7 33. c3
Bxf2 34. Qxg7# 1-0

[Event "Detroit (MOR/1b/25)"]
[Site "?"]
[Date "1990.??.??"]
[Round "?"]
[White "Vaka, Flamur"]
[Black "Vangilder, W."]
[Result "1-0"]
[WhiteElo "1605"]
[BlackElo "1605"]
[PlyCount "81"]
[EventDate "1990.??.??"]

1. e4 c5 2. Nf3 d6 3. Nc3 Nf6 4. Bc4 e6 5. Qe2 Nc6 6. O-O Be7 7. Re1 O-O 8. d3
h6 9. Bd2 a6 10. a4 b6 11. Bf4 e5 12. Bd2 Bg4 13. Bd5 Nxd5 14. Nxd5 Bxf3 15.
Qxf3 Nd4 16. Qd1 Rb8 17. c3 Ne6 18. Qg4 Bg5 19. Bxg5 Nxg5 20. f4 Ne6 21. fxe5
dxe5 22. Qf5 Re8 23. Rf1 Rb7 24. Rf2 Nf4 25. Nxf4 exf4 26. Rd1 Qg5 27. Qxf4
Qxf4 28. Rxf4 Rd7 29. Kf2 b5 30. axb5 axb5 31. Ke3 c4 32. d4 Ra8 33. Rd2 Ra2
34. Rf5 b4 35. Rc5 bxc3 36. bxc3 Ra4 37. d5 Rb7 38. Kd4 Re7 39. Re2 f6 40. Rxc4
Rxc4+ 41. Kxc4 1-0

[Event "Detroit (MOR/7/12)"]
[Site "?"]
[Date "1990.??.??"]
[Round "?"]
[White "Vaka, Flamur"]
[Black "Troupe, D."]
[Result "1/2-1/2"]
[WhiteElo "1605"]
[BlackElo "1605"]
[PlyCount "128"]
[EventDate "1990.??.??"]

{7/(12)} 1. e4 e5 2. Nf3 Nc6 3. Nc3 Bb4 4. Bc4 h6 5. d3 a6 6. a4 d6 7. h3 Nd4
8. Bd2 Ne7 9. Nxd4 exd4 10. Ne2 Bxd2+ 11. Qxd2 Nc6 12. O-O O-O 13. f4 Qe7 14.
Rf3 Be6 15. Bxe6 fxe6 16. Raf1 e5 17. b3 Rae8 18. Qe1 b6 19. f5 Rf6 20. Ng3 Qf7
21. Qd2 a5 22. Ne2 Ne7 23. Ng3 d5 24. R3f2 c5 25. Re2 Kh8 26. Ref2 Rc8 27. Qe2
Nc6 28. Qh5 Qg8 29. Qe2 Nb4 30. Nh5 Rf7 31. Qd2 Qf8 32. Qe2 Rcc7 33. exd5 Nxd5
34. Qxe5 Nf6 35. Nxf6 gxf6 36. Qe2 Rce7 37. Qd2 Re3 38. Rf3 Rfe7 39. Rxe3 dxe3
40. Qe2 Re5 41. g4 Qd6 42. Rf4 Qc6 43. Rf3 Qe8 44. c3 h5 45. Kg2 Qc6 46. Kf1
hxg4 47. hxg4 Qe8 48. Ke1 b5 49. axb5 Qxb5 50. Rxe3 Qxb3 51. Rxe5 Qxc3+ 52. Kd1
fxe5 53. Qc2 Qd4 54. Qe2 c4 55. Kd2 e4 56. Qxe4 Qb2+ 57. Ke3 c3 58. Qe8+ Kh7
59. Qf7+ Kh8 60. f6 Qb6+ 61. Ke2 Qb2+ 62. Ke3 Qd2+ 63. Kd4 Qf2+ 64. Kxc3 Qc5+
1/2-1/2

[Event "Detroit (MOR/5/35)"]
[Site "?"]
[Date "1990.??.??"]
[Round "?"]
[White "Vaka, Flamur"]
[Black "Mikus, R."]
[Result "1-0"]
[WhiteElo "1605"]
[BlackElo "1605"]
[PlyCount "113"]
[EventDate "1990.??.??"]

{5/(35)} 1. e4 c5 2. Nf3 Nc6 3. d4 cxd4 4. Nxd4 Nf6 5. Nc3 g6 6. Be3 Bg7 7. Be2
d6 8. O-O Bd7 9. Qd2 O-O 10. Rad1 Nxd4 11. Bxd4 Bc6 12. Bf3 Nd7 13. Bxg7 Kxg7
14. Qd4+ Kg8 15. Rfe1 Qb6 16. Ne2 Qxd4 17. Nxd4 f5 18. Nxc6 bxc6 19. exf5 Rxf5
20. Bg4 Rc5 21. Bxd7 Kf8 22. c3 Rb8 23. Rd2 Rd8 24. Be6 Kg7 25. Rde2 Kf6 26.
Bb3 Re5 27. g3 Rxe2 28. Rxe2 e5 29. Kg2 d5 30. Kf3 Kf5 31. g4+ Kf6 32. h4 h6
33. g5+ hxg5 34. hxg5+ Kxg5 35. Rxe5+ Kf6 36. Re3 c5 37. Rd3 Ke5 38. Ke3 g5 39.
f3 Rd6 40. a3 c4 41. Bxc4 dxc4 42. Rxd6 Kxd6 43. Kd4 Ke6 44. Kxc4 Ke5 45. Kd3
Kf4 46. Ke2 g4 47. fxg4 Kxg4 48. Ke3 Kf5 49. Kd4 Ke6 50. Kc5 Kd7 51. b4 Kc7 52.
c4 Kb7 53. Kd6 a6 54. a4 Kb6 55. c5+ Kb7 56. Kd7 Kb8 57. c6 1-0

[Event "Detroit (MOR/3/7)"]
[Site "?"]
[Date "1990.??.??"]
[Round "?"]
[White "Vaka, Flamur"]
[Black "McDonough, J."]
[Result "0-1"]
[WhiteElo "1605"]
[BlackElo "1730"]
[PlyCount "76"]
[EventDate "1990.??.??"]

{3/(7)} 1. e4 c6 2. Nf3 d5 3. Nc3 dxe4 4. Nxe4 Nf6 5. Nc3 e6 6. d3 Be7 7. Be2
O-O 8. O-O Qc7 9. Bg5 Nbd7 10. Qd2 b6 11. Rad1 Bb7 12. Ne4 Rfd8 13. Bf4 e5 14.
Bg3 c5 15. Nc3 a6 16. Rfe1 Nh5 17. Nxe5 Nxg3 18. Nxd7 Nxe2+ 19. Rxe2 Rxd7 20.
Rde1 Bf8 21. Ne4 h6 22. Ng3 Qc6 23. f3 Rdd8 24. Qf4 Re8 25. Qg4 Rxe2 26. Rxe2
Re8 27. Rxe8 Qxe8 28. Ne4 Bc8 29. Qg3 Qd8 30. Kf2 Qd4+ 31. Ke1 Qxb2 32. Nd6
Qc1+ 33. Ke2 Qxc2+ 34. Ke3 Be6 35. Ne8 c4 36. dxc4 Qxc4 37. a4 Qxa4 38. f4 Qxe8
0-1

[Event "Detroit (RVO/4)"]
[Site "?"]
[Date "1990.??.??"]
[Round "?"]
[White "Vaka, Flamur"]
[Black "Bemben, R."]
[Result "1-0"]
[WhiteElo "1620"]
[BlackElo "1895"]
[PlyCount "54"]
[EventDate "1990.??.??"]

1. e4 c6 2. Nf3 d5 3. exd5 cxd5 4. Nc3 Bg4 5. Be2 Nf6 6. O-O Nc6 7. d3 e6 8.
Bd2 Rc8 9. Bf4 a6 10. h3 Bf5 11. Re1 d4 12. Nb1 Qb6 13. b3 Nd5 14. Bg3 Bb4 15.
Nbd2 Qd8 16. a3 Nc3 17. Qc1 Nxe2+ 18. Rxe2 Bd6 19. Bxd6 Qxd6 20. Nc4 Qd7 21.
Qb2 b5 22. Nce5 Nxe5 23. Nxe5 f6 24. Nf3 Rd8 25. Nxd4 Bxh3 26. gxh3 e5 27. Ne6
Kf7 1-0